Introducing postmodernism / (Record no. 44983)
[ view plain ]
| 000 -LEADER | |
|---|---|
| fixed length control field | 01059cam a2200289 a 4500 |
| 001 - CONTROL NUMBER | |
| control field | 2563265 |
| 005 - DATE AND TIME OF LATEST TRANSACTION | |
| control field | 20181214153801.0 |
| 008 - FIXED-LENGTH DATA ELEMENTS--GENERAL INFORMATION | |
| fixed length control field | 950927s1995 nyua b 000 0 eng |
| 010 ## - LIBRARY OF CONGRESS CONTROL NUMBER | |
| LC control number | 95060971 |
| 020 ## - INTERNATIONAL STANDARD BOOK NUMBER | |
| International Standard Book Number | 1874166218 |
| 040 ## - CATALOGING SOURCE | |
| Original cataloging agency | DLC |
| Transcribing agency | DLC |
| Modifying agency | DLC |
| 100 1# - MAIN ENTRY--PERSONAL NAME | |
| Personal name | Appignanesi, Richard. |
| 245 10 - TITLE STATEMENT | |
| Title | Introducing postmodernism / |
| Statement of responsibility, etc | Richard Appignanesi and Chris Garratt ; with Ziauddin Sardar and Patrick Curry. |
| 260 ## - PUBLICATION, DISTRIBUTION, ETC. (IMPRINT) | |
| Place of publication, distribution, etc | New York, NY : |
| Name of publisher, distributor, etc | Totem Books ; |
| Place of publication, distribution, etc | Lanham, Md. : |
| Name of publisher, distributor, etc | Distributed to the trade in the U.S. by National Book Network, |
| Date of publication, distribution, etc | c1995. |
| 300 ## - PHYSICAL DESCRIPTION | |
| Extent | 173, [2] p. : |
| Other physical details | ill. ; |
| Dimensions | 21 cm. |
| 336 ## - CONTENT TYPE | |
| Content Type Term | text |
| 337 ## - MEDIA TYPE | |
| Media Type Term | unmediated |
| 338 ## - CARRIER TYPE | |
| Carrier Type Term | volume |
| 504 ## - BIBLIOGRAPHY, ETC. NOTE | |
| Bibliography, etc | Includes bibliographical references (p. [174]-[175]). |
| 650 #0 - SUBJECT ADDED ENTRY--TOPICAL TERM | |
| Topical term or geographic name as entry element | Postmodernism |
| General subdivision | Miscellanea. |
| 650 #0 - SUBJECT ADDED ENTRY--TOPICAL TERM | |
| Topical term or geographic name as entry element | Philosophy, Modern |
| Chronological subdivision | 20th century |
| General subdivision | Miscellanea. |
| 700 1# - ADDED ENTRY--PERSONAL NAME | |
| Personal name | Garratt, Chris. |
| 700 1# - ADDED ENTRY--PERSONAL NAME | |
| Personal name | Sardar, Ziauddin. |
| 700 1# - ADDED ENTRY--PERSONAL NAME | |
| Personal name | Curry, Patrick, |
| Dates associated with a name | 1951- |
| 942 ## - ADDED ENTRY ELEMENTS (KOHA) | |
| Source of classification or shelving scheme | Library of Congress Classification |
| Item type | Books |
| Withdrawn status | Lost status | Source of classification or shelving scheme | Damaged status | Not for loan | Home library | Current library | Shelving location | Date acquired | Source of acquisition | Inventory number | Total Checkouts | Full call number | Barcode | Date last seen | Price effective from | Koha item type |
|---|---|---|---|---|---|---|---|---|---|---|---|---|---|---|---|---|
| Library of Congress Classification | BSOP Library | BSOP Library | GC | 12/14/2018 | Donated by Dr. William and Mariel Kirwan | 44579 | B831.2 Ap4 1995 | 00055579 | 12/14/2018 | 12/14/2018 | Books |
